01307cam a22002895a 45000010009000000050017000090080041000260200016000670200018000830400032001010820020001331000032001532450082001852500012002672600049002793000034003284900016003625000024003785200293004026500041006956510010007366530039007467000026007859420020008119990017008319520169008481821555920151111151426.0140707t2015 njua fr 001 0 eng d a1118944046  a9781118944042 aYDXCPbengcYDXCPdEG-ScBUE04a610.14bHEN2221 aHenderson, Beverley.93872710aMedical terminology for dummies /cby Beverley Henderson and Jennifer Dorsey. a2nd ed. aHoboken :bJohn Wiley & Sons, Inc.,cc.2015. axiv, 362 p. :bill. ;c24 cm.0 aFor dummies aIndex : p. 345-362. aHenderson and Dorsey show you the easiest way to remember unfamiliar, tongue-twisting words in the medical field. They break down the words you'll encounter in your medical terminology course, and help you master definitions, pronunciations, and applications across all medical fields. -- 7aMedicinevTerminology.2BUEsh923964 2BUEsh bPPhrmcSeptember2015cNovember20151 aDorsey, Jennifer Lee. 2ddck610.14 HEN c20820d20792 00102ddc40708BaccahaMAINbMAINc1STd2015-09-01epurchaseg149.00h23317l7m82o610.14 HENp000030874q2021-12-21r2021-11-13 00:00:00s2021-11-13v187.00yBB